Historia feminista de la literatura argentina. 1, Mujeres en revolución. Otros comienzos /

Bibliographic Details
Other Authors: Batticuore, Graciela, 1966- (Editor), Vicens, María (Editor)
Format: Electronic eBook
Language:Spanish
Published: Villa María, Córdoba, Argentina : Eduvim, [2022]
Series:Historia feminista de la literatura argentina.
Subjects:
Online Access:Digitalia Hispánica

MARC

LEADER 00000nam a2200000Ii 4500
001 DIGEDUV0320
003 NyNyDIG
006 m o d
007 cr |||||||||||
008 240902s2022 ag ob 000 0 spa d
035 |a (OCoLC)1454785495 
040 |a DGITA  |b eng  |e rda  |e pn  |c DGITA 
020 |a 9789876997485  |q eBook 
020 |z 9789876997393 
050 1 4 |a PQ7604 ebook 
245 0 0 |a Historia feminista de la literatura argentina.  |n 1,  |p Mujeres en revolución. Otros comienzos /  |c Graciela Batticuore y María Vicens (coordinadoras). 
264 1 |a Villa María, Córdoba, Argentina :  |b Eduvim,  |c [2022] 
300 |a 1 online resource. 
336 |a text  |b txt  |2 rdacontent 
337 |a computer  |b c  |2 rdamedia 
338 |a online resource  |b cr  |2 rdacarrier 
347 |a text file  |2 rdaft 
347 |b EPUB 
490 1 |a Historia feminista de la literatura argentina  
504 |a Includes bibliographical references. 
588 0 |a Online resource; title from ePub title page (Digitalia, viewed September 2, 2024) 
650 0 |a Argentine literature  |x History and criticism. 
650 0 |a Feminist literature  |z Argentina. 
700 1 |a Batticuore, Graciela,  |d 1966-  |e editor. 
700 1 |a Vicens, María,  |e editor. 
791 2 |a Digitalia (Firm),  |e distributor. 
793 0 |g Digitalia eBook Collection:  |a Ediciones Eduvim 
776 0 8 |i Print version:  |t Historia feminista de la literatura argentina. 1, Mujeres en revolución. Otros comienzos.  |d Villa María, Córdoba, Argentina : Eduvim, [2022]  |z 9789876997393 
830 0 |a Historia feminista de la literatura argentina.  
856 4 0 |3 Digitalia Hispánica  |u https://www.digitaliapublishing.com/a/158333/ 
910 |a Premium collection: 2024